Homenaje tributado por la Academia Chilena de la Historia a su miembro de número Don Eduardo Solar Correa con motivo de su fallecimiento: Sesión de 8 de octubre de 1935

I tiakina i:
Ngā taipitopito rārangi puna kōrero
Kaituhi rangatōpū: Academia Chilena de la Historia (Author)
Hōputu: Pukapuka
Reo:Pāniora
I whakaputaina: Santiago Talleres Gráficos Condor 1936
Putanga:1a. ed
Ngā marau:
Ngā Tūtohu: Tāpirihia he Tūtohu
Kāore He Tūtohu, Me noho koe te mea tuatahi ki te tūtohu i tēnei pūkete!

MARC

LEADER 00000nam a2200000 a 4500
001 UCJ3241
003 CL-VaPUC
008 070124e19360000CL |||||||||||||||||spa|d
082 0 4 |a Ch860  |b ACA  |2 21 
110 2 |a Academia Chilena de la Historia  |e author  |9 504953 
245 1 0 |a Homenaje tributado por la Academia Chilena de la Historia a su miembro de número Don Eduardo Solar Correa con motivo de su fallecimiento: Sesión de 8 de octubre de 1935 
246 1 4 |a Las Tres colonias: estudio póstumo 
250 |a 1a. ed 
300 |a 82 p 
942 |c BK 
945 |d 20070124 00:00:00  |a rinostro 
260 |a Santiago  |b Talleres Gráficos Condor  |c 1936 
500 |a Contiene la publicación póstuma, Las tres colonias, del autor homenajeado quien además, compuso valiosos textos para el estudio de la Literatura Española 
600 0 7 |a CRUCHAGA TOCORNAL, MIGUEL  |2 CL-VaPUC  |9 504954 
600 0 7 |a SILVA CASTRO, RAUL  |2 CL-VaPUC  |9 504955 
600 0 7 |a SOLAR CORREA, EDUARDO  |2 CL-VaPUC  |9 504956 
650 0 |a Homenajes  |9 258192 
650 0 |a Crítica literaria   |9 269189 
650 7 |a COLONIA  |2 CL-VaPUC  |9 504957 
650 7 |a COSTUMBRES COLONIALES  |2 CL-VaPUC  |9 504256 
650 0 |a Textos escolares  |9 382843 
583 |a last modification  |c 20070124 00:00:00  |k Rodrigo Vera 
999 |c 319363  |d 319361 
952 |0 0  |1 0  |4 0  |6 CH_860_000000000000000_ACA_1936  |7 0  |8 X  |9 397672  |a FDOBUD  |b FDOBUD  |d 2019-11-22  |i 100123K  |o Ch860 ACA 1936  |p 100123K  |r 2019-11-22  |w 2019-11-22  |y BK_X  |k BUD